<?xml version="1.0" encoding="UTF-8"?>
<record
    xmlns:xsi="http://www.w3.org/2001/XMLSchema-instance"
    xsi:schemaLocation="http://www.loc.gov/MARC21/slim http://www.loc.gov/standards/marcxml/schema/MARC21slim.xsd"
    xmlns="http://www.loc.gov/MARC21/slim">

  <leader>00869nam  2200181   4500</leader>
  <controlfield tag="001">5654</controlfield>
  <datafield tag="090" ind1=" " ind2=" ">
    <subfield code="a">5654</subfield>
  </datafield>
  <datafield tag="100" ind1=" " ind2=" ">
    <subfield code="a">20190729k        u||y0frey50      ba</subfield>
  </datafield>
  <datafield tag="101" ind1=" " ind2=" ">
    <subfield code="a">fre</subfield>
  </datafield>
  <datafield tag="200" ind1=" " ind2=" ">
    <subfield code="a">(Extraits de) Les immigr&#xE9;s dans l'espace urbain, le cas d'Avanchet </subfield>
    <subfield code="b">Brochure</subfield>
    <subfield code="e">Migration et formation ( cours donn&#xE9; par Mme Fibbi) </subfield>
    <subfield code="f">Mireille Nydegger, Monique Bataillard </subfield>
  </datafield>
  <datafield tag="210" ind1=" " ind2=" ">
    <subfield code="a">[Gen&#xE8;ve]</subfield>
    <subfield code="d">Avril 1982 </subfield>
  </datafield>
  <datafield tag="215" ind1=" " ind2=" ">
    <subfield code="a">pp. 32-43 </subfield>
    <subfield code="d">30 cm </subfield>
  </datafield>
  <datafield tag="300" ind1=" " ind2=" ">
    <subfield code="a">Notes manuscrites sur la couverture: "Extraits de" avant le titre. "Revu et corrig&#xE9;" par [R.] nom illisible. Tampon du Centre d'&#xE9;tudes et de documentation (CCSI). Note manuscrite: "Pour Ruedi; avec nos vifs remerciements, Monique et Mireille" </subfield>
  </datafield>
  <datafield tag="606" ind1=" " ind2=" ">
    <subfield code="9">1063</subfield>
    <subfield code="a">Migration</subfield>
  </datafield>
  <datafield tag="607" ind1=" " ind2=" ">
    <subfield code="9">996</subfield>
    <subfield code="a">Les Avanchets (Suisse. Gen&#xE8;ve)</subfield>
  </datafield>
  <datafield tag="700" ind1=" " ind2=" ">
    <subfield code="9">6366</subfield>
    <subfield code="a">Nydegger</subfield>
    <subfield code="b">Mireille</subfield>
  </datafield>
  <datafield tag="701" ind1=" " ind2=" ">
    <subfield code="9">2043</subfield>
    <subfield code="a">Jobin-Bataillard</subfield>
    <subfield code="b">Monique</subfield>
  </datafield>
  <datafield tag="801" ind1=" " ind2=" ">
    <subfield code="a">CH</subfield>
    <subfield code="b">CH-002049-8</subfield>
  </datafield>
  <datafield tag="995" ind1=" " ind2=" ">
    <subfield code="1">0</subfield>
    <subfield code="2">0</subfield>
    <subfield code="3">0</subfield>
    <subfield code="5">2025-10-31</subfield>
    <subfield code="9">6517</subfield>
    <subfield code="b">ARCHIC</subfield>
    <subfield code="c">ARCHIC</subfield>
    <subfield code="e">Brochures</subfield>
    <subfield code="f">7414</subfield>
    <subfield code="h">CCSI</subfield>
    <subfield code="k">Broch 2452</subfield>
    <subfield code="o">0</subfield>
  </datafield>
</record>
